Clear All Country Tripoints from the Borderless World Map - Statistics

General Stats
  • This quiz has been taken 325 times
  • The average score is 112 of 169
Answers on the Map
Answers color-coded by a green-red scale on the quiz's map according to % correct below.
 
Answer Stats
Lat Lon A B C Countries Tripoint % Correct
17.8 -89.14833333 Belize Guatemala Mexico Belize/Guatemala/Mexico/ BELI GUA MEX
92%
69.05972222 20.54694444 Finland Norway Sweden Finland/Norway/Sweden/ FIN NORW SWE
92%
42.5025 1.724444444 Andorra France Spain Andorra/France/Spain/ (E) AND FRA SPA (E)
91%
42.60194444 1.442222222 Andorra France Spain Andorra/France/Spain/ (W) AND FRA SPA (W)
91%
69.05277778 28.93333333 Finland Norway Russia Finland/Norway/Russia/ FIN NORW RUS
91%
-30.18333333 -57.6 Argentina Brazil Uruguay Argentina/Brazil/Uruguay/ ARG BRA URU
89%
1.95 -56.48333333 Brazil Guyana Suriname Brazil/Guyana/Suriname/ BRA GUY SUR
89%
-17.5 -69.48333333 Bolivia Chile Peru Bolivia/Chile/Peru/ BOL CHIL PER
88%
2.333333333 -54.55 Brazil France Suriname Brazil/France/Suriname/ BRA FRA SUR
88%
-22.80833333 -67.17777778 Argentina Bolivia Chile Argentina/Bolivia/Chile/ ARG BOL CHIL
87%
1.233333333 -66.85 Brazil Colombia Venezuela Brazil/Colombia/Venezuela/ BRA COL VEN
87%
5.183333333 -60.76666667 Brazil Guyana Venezuela Brazil/Guyana/Venezuela/ BRA GUY VEN
87%
-25.5925 -54.59361111 Argentina Brazil Paraguay Argentina/Brazil/Paraguay/ ARG BRA PAR
86%
-4.216666667 -69.93333333 Brazil Colombia Peru Brazil/Colombia/Peru/ BRA COL PER
85%
49.85 116.7166667 China Mongolia Russia China/Mongolia/Russia/ (E) CHIN MONG RUS (E)
85%
49.16666667 87.81666667 China Mongolia Russia China/Mongolia/Russia/ (W) CHIN MONG RUS (W)
85%
-0.116666667 -75.25 Colombia Ecuador Peru Colombia/Ecuador/Peru/ COL ECU PER
85%
14.42166667 -89.35055556 El Salvador Guatemala Honduras El Salvador/Guatemala/Honduras/ ELS GUA HON
85%
45.9225 7.041388889 France Italy Switzerland France/Italy/Switzerland/ FRA ITA SWI
85%
-20.16666667 -58.16666667 Bolivia Brazil Paraguay Bolivia/Brazil/Paraguay/ BOL BRA PAR
84%
42.43333333 130.6166667 China North Korea Russia China/North Korea/Russia/ CHIN NORT RUS
84%
-10.93333333 -69.56694444 Bolivia Brazil Peru Bolivia/Brazil/Peru/ BOL BRA PER
83%
-22.23333333 -62.65 Argentina Bolivia Paraguay Argentina/Bolivia/Paraguay/ ARG BOL PAR
82%
41.30194444 45.00388889 Armenia Azerbaijan Georgia Armenia/Azerbaijan/Georgia/ ARM AZE GEO
82%
52.11611111 31.78055556 Belarus Russia Ukraine Belarus/Russia/Ukraine/ BELA RUS UKR
82%
49.54611111 5.818055556 Belgium France Luxembourg Belgium/France/Luxembourg/ BELG FRA LUX
82%
50.12972222 6.1375 Belgium Germany Luxembourg Belgium/Germany/Luxembourg/ BELG GER LUX
82%
50.75444444 6.020833333 Belgium Germany Netherlands Belgium/Germany/Netherlands/ BELG GER NET
82%
14.68333333 107.55 Cambodia Laos Vietnam Cambodia/Laos/Vietnam/ CAMB LAO VIE
82%
57.525 27.35194444 Estonia Latvia Russia Estonia/Latvia/Russia/ EST LAT RUS
82%
22.7 55.21666667 Oman Saudi Arabia United Arab Emirates Oman/Saudi Arabia/United Arab Emirates/ OMA SAU UAE
82%
19 52 Oman Saudi Arabia Yemen Oman/Saudi Arabia/Yemen/ OMA SAU YEM
82%
29.1 46.55 Iraq Kuwait Saudi Arabia Iraq/Kuwait/Saudi Arabia/ IRAQ KUW SAU
81%
47.26666667 9.530277778 Austria Liechtenstein Switzerland Austria/Liechtenstein/Switzerland/ (N) AUSTRI LIE SWI (N)
80%
47.05 9.606666667 Austria Liechtenstein Switzerland Austria/Liechtenstein/Switzerland/ (S) AUSTRI LIE SWI (S)
80%
27.88333333 88.13333333 China India Nepal China/India/Nepal/ (E) CHIN INDI NEP (E)
80%
30.2 81.03333333 China India Nepal China/India/Nepal/ (W) CHIN INDI NEP (W)
80%
30.23333333 9.533333333 Algeria Libya Tunisia Algeria/Libya/Tunisia/ ALG LIBY TUN
79%
47.52916667 9.611388889 Austria Germany Switzerland Austria/Germany/Switzerland/ AUSTRI GER SWI
79%
21.98333333 92.6 Bangladesh India Myanmar Bangladesh/India/Myanmar/ BAN INDI MYA
79%
41.71194444 26.35083333 Bulgaria Greece Turkey Bulgaria/Greece/Turkey/ BUL GREE TURKE
79%
14.33333333 105.2166667 Cambodia Laos Thailand Cambodia/Laos/Thailand/ CAMB LAO THA
79%
55.67916667 26.63333333 Belarus Latvia Lithuania Belarus/Latvia/Lithuania/ BELA LAT LIT
78%
27.76666667 91.65 Bhutan China India Bhutan/China/India/ (E) BHU CHIN INDI (E)
78%
27.33333333 88.91666667 Bhutan China India Bhutan/China/India/ (W) BHU CHIN INDI (W)
78%
49.46944444 6.367222222 France Germany Luxembourg France/Germany/Luxembourg/ FRA GER LUX
78%
33.33333333 35.76666667 Israel Lebanon Syria Israel/Lebanon/Syria/ ISR LEB SYR
78%
27.3 -8.666666667 Algeria Mauritania Morocco Algeria/Mauritania/Morocco/ ALG MAURITA MOR
77%
40.85166667 20.98333333 Albania Greece North Macedonia Albania/Greece/North Macedonia/ ALB GREE N.MAC
76%
49.0998 87.3123 China Kazakhstan Russia China/Kazakhstan/Russia/ CHIN KAZ RUS
76%
12.46666667 42.4 Djibouti Eritrea Ethiopia Djibouti/Eritrea/Ethiopia/ DJI ERI ETH
76%
54.3625 22.79055556 Lithuania Poland Russia Lithuania/Poland/Russia/ LIT POL RUS
76%
48.26388889 26.62527778 Moldova Romania Ukraine Moldova/Romania/Ukraine/ (N) MOL ROM UKR (N)
76%
45.46666667 28.21333333 Moldova Romania Ukraine Moldova/Romania/Ukraine/ (S) MOL ROM UKR (S)
76%
41.13333333 43.46666667 Armenia Georgia Turkey Armenia/Georgia/Turkey/ ARM GEO TURKE
75%
47.58972222 7.588888889 France Germany Switzerland France/Germany/Switzerland/ FRA GER SWI
75%
29.861 60.8828 Afghanistan Iran Pakistan Afghanistan/Iran/Pakistan/ AFG IRAN PAK
74%
56.16194444 28.15722222 Belarus Latvia Russia Belarus/Latvia/Russia/ BELA LAT RUS
74%
10.98333333 42.96666667 Djibouti Ethiopia Somalia Djibouti/Ethiopia/Somalia/ DJI ETH SOM
74%
46.52277778 13.71416667 Austria Italy Slovenia Austria/Italy/Slovenia/ AUSTRI ITA SLOVE
73%
41.9 46.40194444 Azerbaijan Georgia Russia Azerbaijan/Georgia/Russia/ AZE GEO RUS
73%
50.87027778 14.82583333 Czech Republic Germany Poland Czech Republic/Germany/Poland/ CZE GER POL
73%
3.983333333 41.9 Ethiopia Kenya Somalia Ethiopia/Kenya/Somalia/ ETH KEN SOM
73%
46.85444444 10.46888889 Austria Italy Switzerland Austria/Italy/Switzerland/ AUSTRI ITA SWI
72%
41.34361111 22.94444444 Bulgaria Greece North Macedonia Bulgaria/Greece/North Macedonia/ BUL GREE N.MAC
72%
20.35 100.0833333 Laos Myanmar Thailand Laos/Myanmar/Thailand/ LAO MYA THA
72%
48.00666667 17.16055556 Austria Hungary Slovakia Austria/Hungary/Slovakia/ AUSTRI HUN SLOVA
71%
46.86916667 16.11361111 Austria Hungary Slovenia Austria/Hungary/Slovenia/ AUSTRI HUN SLOVE
71%
-25.95 31.96666667 Eswatini Mozambique South Africa Eswatini/Mozambique/South Africa/ (N) ESW MOZ S.AFR (N)
71%
-26.83333333 32.13333333 Eswatini Mozambique South Africa Eswatini/Mozambique/South Africa/ (S) ESW MOZ S.AFR (S)
71%
33.36666667 38.8 Iraq Jordan Syria Iraq/Jordan/Syria/ IRAQ JOR SYR
71%
21.56666667 101.15 China Laos Myanmar China/Laos/Myanmar/ CHIN LAO MYA
70%
32.15 39.2 Iraq Jordan Saudi Arabia Iraq/Jordan/Saudi Arabia/ IRAQ JOR SAU
70%
48.77111111 13.83944444 Austria Czech Republic Germany Austria/Czech Republic/Germany/ AUSTRI CZE GER
69%
-24.76666667 20 Botswana Namibia South Africa Botswana/Namibia/South Africa/ BOT NAM S.AFR
69%
22.4 102.15 China Laos Vietnam China/Laos/Vietnam/ CHIN LAO VIE
69%
22 25 Egypt Libya Sudan Egypt/Libya/Sudan/ EGY LIBY SUD
69%
37.1116 42.3633 Iraq Syria Turkey Iraq/Syria/Turkey/ IRAQ SYR TURKE
69%
32.75 35.75 Israel Jordan Syria Israel/Jordan/Syria/ ISR JOR SYR
68%
38.86666667 46.53333333 Armenia Azerbaijan Iran Armenia/Azerbaijan/Iran/ (E) ARM AZE IRAN (E)
67%
38.85 46.15 Armenia Azerbaijan Iran Armenia/Azerbaijan/Iran/ (W) ARM AZE IRAN (W)
67%
39.71666667 44.76666667 Armenia Azerbaijan Turkey Armenia/Azerbaijan/Turkey/ ARM AZE TURKE
66%
44.8525 19.01055556 Bosnia and Herzegovina Croatia Serbia Bosnia and Herzegovina/Croatia/Serbia/ BOS CRO SER
66%
14.25 36.56666667 Eritrea Ethiopia Sudan Eritrea/Ethiopia/Sudan/ ERI ETH SUD
66%
42.56222222 18.45 Bosnia and Herzegovina Croatia Montenegro Bosnia and Herzegovina/Croatia/Montenegro/ BOS CRO MONT
65%
28.21666667 97.35 China India Myanmar China/India/Myanmar/ CHIN INDI MYA
65%
12.68333333 -13.71666667 Guinea Guinea-Bissau Senegal Guinea/Guinea-Bissau/Senegal/ GUINEA GUINEA-B SEN
65%
8.483333333 -10.26666667 Guinea Liberia Sierra Leone Guinea/Liberia/Sierra Leone/ GUINEA LIBE SIE
65%
41.31666667 56 Kazakhstan Turkmenistan Uzbekistan Kazakhstan/Turkmenistan/Uzbekistan/ KAZ TURKM UZB
65%
25 -4.833333333 Algeria Mali Mauritania Algeria/Mali/Mauritania/ ALG MALI MAURITA
64%
39.63333333 44.81666667 Azerbaijan Iran Turkey Azerbaijan/Iran/Turkey/ AZE IRAN TURKE
64%
38.7 51.4 Azerbaijan Iran Turkmenistan Azerbaijan/Iran/Turkmenistan/ AZE IRAN TURKM
64%
37.15 44.78333333 Iran Iraq Turkey Iran/Iraq/Turkey/ IRAN IRAQ TURKE
64%
42.55611111 20.07861111 Albania Kosovo Montenegro Albania/Kosovo/Montenegro/ ALB KOS MONT
63%
53.95472222 23.51666667 Belarus Lithuania Poland Belarus/Lithuania/Poland/ BELA LIT POL
63%
51.50472222 23.62472222 Belarus Poland Ukraine Belarus/Poland/Ukraine/ BELA POL UKR
63%
11 0.916666667 Benin Burkina Faso Togo Benin/Burkina Faso/Togo/ BEN BURK TOG
63%
23 15 Chad Libya Niger Chad/Libya/Niger/ CHA LIBY NIGER
63%
42.26666667 21.58333333 Kosovo North Macedonia Serbia Kosovo/North Macedonia/Serbia/ KOS N.MAC SER
63%
2.166666667 11.33333333 Cameroon Equatorial Guinea Gabon Cameroon/Equatorial Guinea/Gabon/ CAME EQU GAB
62%
19.5 24 Chad Libya Sudan Chad/Libya/Sudan/ CHA LIBY SUD
62%
48.61638889 16.94 Austria Czech Republic Slovakia Austria/Czech Republic/Slovakia/ AUSTRI CZE SLOVA
61%
46.46666667 16.61666667 Croatia Hungary Slovenia Croatia/Hungary/Slovenia/ CRO HUN SLOVE
61%
49.5175 18.84888889 Czech Republic Poland Slovakia Czech Republic/Poland/Slovakia/ CZE POL SLOVA
61%
44.21666667 22.68333333 Bulgaria Romania Serbia Bulgaria/Romania/Serbia/ BUL ROM SER
60%
9.483333333 -2.683333333 Burkina Faso Ghana Ivory Coast Burkina Faso/Ghana/Ivory Coast/ BURK GHA IVO
60%
-2.75 29.03333333 Burundi Democratic Republic of the Congo Rwanda Burundi/Democratic Republic of the Congo/Rwanda/ BURU DRC RWA
60%
42.21666667 80.25 China Kazakhstan Kyrgyzstan China/Kazakhstan/Kyrgyzstan/ CHIN KAZ KYR
60%
11.11666667 0 Burkina Faso Ghana Togo Burkina Faso/Ghana/Togo/ BURK GHA TOG
59%
9.5 34.10666667 Ethiopia South Sudan Sudan Ethiopia/South Sudan/Sudan/ ETH S.SUD SUD
59%
35.61666667 61.28333333 Afghanistan Iran Turkmenistan Afghanistan/Iran/Turkmenistan/ AFG IRAN TURKM
58%
41.8775 20.59444444 Albania Kosovo North Macedonia Albania/Kosovo/North Macedonia/ ALB KOS N.MAC
58%
42.83333333 20.35 Kosovo Montenegro Serbia Kosovo/Montenegro/Serbia/ KOS MONT SER
58%
45.91666667 18.9 Croatia Hungary Serbia Croatia/Hungary/Serbia/ CRO HUN SER
57%
23.51666667 12 Algeria Libya Niger Algeria/Libya/Niger/ ALG LIBY NIGER
56%
43.51666667 19.21666667 Bosnia and Herzegovina Montenegro Serbia Bosnia and Herzegovina/Montenegro/Serbia/ BOS MONT SER
56%
-2.4 30.56666667 Burundi Rwanda Tanzania Burundi/Rwanda/Tanzania/ BURU RWA TAN
56%
39.46666667 73.6 China Kyrgyzstan Tajikistan China/Kyrgyzstan/Tajikistan/ CHIN KYR TAJ
56%
-1 33.91666667 Kenya Tanzania Uganda Kenya/Tanzania/Uganda/ KEN TAN UGA
56%
-11.56666667 34.96666667 Malawi Mozambique Tanzania Malawi/Mozambique/Tanzania/ MALAW MOZ TAN
56%
14.76666667 -12.25 Mali Mauritania Senegal Mali/Mauritania/Senegal/ MALI MAURITA SEN
56%
13.7 13.63333333 Chad Niger Nigeria Chad/Niger/Nigeria/ CHA NIGER NIGERIA
55%
46.11666667 20.25 Hungary Romania Serbia Hungary/Romania/Serbia/ HUN ROM SER
55%
42.26666667 70.95 Kazakhstan Kyrgyzstan Uzbekistan Kazakhstan/Kyrgyzstan/Uzbekistan/ KAZ KYR UZB
55%
-22.42138889 31.30888889 Mozambique South Africa Zimbabwe Mozambique/South Africa/Zimbabwe/ MOZ S.AFR ZIM
55%
-4.683333333 13.1 Angola Democratic Republic of the Congo Republic of the Congo Angola/Democratic Republic of the Congo/Republic of the Congo/ ANG DRC ROC
54%
15 0.233333333 Burkina Faso Mali Niger Burkina Faso/Mali/Niger/ BURK MALI NIGER
54%
35.6 76.8 China India Pakistan China/India/Pakistan/ CHIN INDI PAK
54%
-1.383333333 29.6 Democratic Republic of the Congo Rwanda Uganda Democratic Republic of the Congo/Rwanda/Uganda/ DRC RWA UGA
54%
49.08722222 22.56305556 Poland Slovakia Ukraine Poland/Slovakia/Ukraine/ POL SLOVA UKR
54%
37.03333333 74.56666667 Afghanistan China Pakistan Afghanistan/China/Pakistan/ AFG CHIN PAK
53%
19.15 4.266666667 Algeria Mali Niger Algeria/Mali/Niger/ ALG MALI NIGER
53%
2.166666667 13.3 Cameroon Gabon Republic of the Congo Cameroon/Gabon/Republic of the Congo/ CAME GAB ROC
53%
12.41666667 -11.36666667 Guinea Mali Senegal Guinea/Mali/Senegal/ GUINEA MALI SEN
53%
48.405 22.14 Hungary Slovakia Ukraine Hungary/Slovakia/Ukraine/ HUN SLOVA UKR
53%
40.23333333 70.98333333 Kyrgyzstan Tajikistan Uzbekistan Kyrgyzstan/Tajikistan/Uzbekistan/ KYR TAJ UZB
53%
-17.79888889 25.27027778 Botswana Zambia Zimbabwe Botswana/Zambia/Zimbabwe/ BOT ZAM ZIM
52%
3.466666667 18.61666667 Central African Republic Democratic Republic of the Congo Republic of the Congo Central African Republic/Democratic Republic of the Congo/Republic of the Congo/ CAR DRC ROC
52%
7.566666667 -8.466666667 Guinea Ivory Coast Liberia Guinea/Ivory Coast/Liberia/ GUINEA IVO LIBE
52%
-15.61666667 30.41666667 Mozambique Zambia Zimbabwe Mozambique/Zambia/Zimbabwe/ MOZ ZAM ZIM
52%
-1.066666667 30.48333333 Rwanda Tanzania Uganda Rwanda/Tanzania/Uganda/ RWA TAN UGA
52%
37.23333333 74.88333333 Afghanistan China Tajikistan Afghanistan/China/Tajikistan/ AFG CHIN TAJ
51%
11.7 3.6 Benin Niger Nigeria Benin/Niger/Nigeria/ BEN NIGER NIGERIA
51%
42.31666667 22.36666667 Bulgaria North Macedonia Serbia Bulgaria/North Macedonia/Serbia/ BUL N.MAC SER
51%
47.95444444 22.89722222 Hungary Romania Ukraine Hungary/Romania/Ukraine/ HUN ROM UKR
51%
-14.01666667 33.21666667 Malawi Mozambique Zambia Malawi/Mozambique/Zambia/ MALAW MOZ ZAM
51%
37.35 66.55 Afghanistan Turkmenistan Uzbekistan Afghanistan/Turkmenistan/Uzbekistan/ AFG TURKM UZB
50%
-4.45 29.41666667 Burundi Democratic Republic of the Congo Tanzania Burundi/Democratic Republic of the Congo/Tanzania/ BURU DRC TAN
50%
13.08333333 14.08333333 Cameroon Chad Nigeria Cameroon/Chad/Nigeria/ CAME CHA NIGERIA
49%
4.216666667 34 Kenya South Sudan Uganda Kenya/South Sudan/Uganda/ KEN S.SUD UGA
49%
-9.4 32.96666667 Malawi Tanzania Zambia Malawi/Tanzania/Zambia/ MALAW TAN ZAM
48%
37.16666667 67.78333333 Afghanistan Tajikistan Uzbekistan Afghanistan/Tajikistan/Uzbekistan/ AFG TAJ UZB
47%
-17.63333333 23.46666667 Angola Namibia Zambia Angola/Namibia/Zambia/ ANG NAM ZAM
47%
11.9 2.4 Benin Burkina Faso Niger Benin/Burkina Faso/Niger/ BEN BURK NIGER
47%
-22.2 29.36666667 Botswana South Africa Zimbabwe Botswana/South Africa/Zimbabwe/ BOT S.AFR ZIM
47%
8.645833333 24.23583333 Central African Republic South Sudan Sudan Central African Republic/South Sudan/Sudan/ CAR S.SUD SUD
47%
-10.88333333 23.98333333 Angola Democratic Republic of the Congo Zambia Angola/Democratic Republic of the Congo/Zambia/ ANG DRC ZAM
44%
7.533333333 15.5 Cameroon Central African Republic Chad Cameroon/Central African Republic/Chad/ CAME CAR CHA
44%
5.016666667 27.45 Central African Republic Democratic Republic of the Congo South Sudan Central African Republic/Democratic Republic of the Congo/South Sudan/ CAR DRC S.SUD
44%
42.8 49.9 Azerbaijan Kazakhstan Russia Azerbaijan/Kazakhstan/Russia/ AZE KAZ RUS
43%
-17.78777778 25.25666667 Botswana Namibia Zambia Botswana/Namibia/Zambia/ BOT NAM ZAM
42%
3.5 30.86666667 Democratic Republic of the Congo South Sudan Uganda Democratic Republic of the Congo/South Sudan/Uganda/ DRC S.SUD UGA
42%
10.43333333 -5.516666667 Burkina Faso Ivory Coast Mali Burkina Faso/Ivory Coast/Mali/ BURK IVO MALI
41%
2.216666667 16.2 Cameroon Central African Republic Republic of the Congo Cameroon/Central African Republic/Republic of the Congo/ CAME CAR ROC
41%
-8.2 30.76666667 Democratic Republic of the Congo Tanzania Zambia Democratic Republic of the Congo/Tanzania/Zambia/ DRC TAN ZAM
41%
5.4 35.3 Ethiopia Kenya South Sudan Ethiopia/Kenya/South Sudan/ ETH KEN S.SUD
41%
10.16666667 -7.966666667 Guinea Ivory Coast Mali Guinea/Ivory Coast/Mali/ GUINEA IVO MALI
41%
10.93333333 22.86666667 Central African Republic Chad Sudan Central African Republic/Chad/Sudan/ CAR CHA SUD
38%
41.5 51 Azerbaijan Kazakhstan Turkmenistan Azerbaijan/Kazakhstan/Turkmenistan/ AZE KAZ TURKM
36%
No matching quizzes found
Score Distribution
Percent of People with Each Score
Percentile by Number Answered
Your Score History
You have not taken this quiz